LEADER 01121nam--2200373---450- 001 990005900750203316 005 20131023121331.0 010 $a978-88-15-24661-5 035 $a000590075 035 $aUSA01000590075 035 $a(ALEPH)000590075USA01 035 $a000590075 100 $a20131023d2013----km-y0itay50------ba 101 $aita 102 $aIT 105 $a||||||||001yy 200 1 $aStoria di Clelia Farnese$eamori, potere, violenza nella Roma della Controriforma$fGigliola Fragnito 210 $aBologna$cIl mulino$d2013 215 $a329 p., [4] carte di tav.$d23 cm 225 2 $aBiblioteca storica 410 0$12001$aBiblioteca storica 454 1$12001 600 $aFarnese,$bClelia$2BNCF 676 $a945.072092 700 1$aFRAGNITO,$bGigliola$0134317 801 0$aIT$bsalbc$gISBD 912 $a990005900750203316 951 $aX.2.B. 2252$b242687 L.M.$cX.2.B.$d00343987 959 $aBK 969 $aUMA 979 $aALESSANDRA$b90$c20131023$lUSA01$h1211 979 $aALESSANDRA$b90$c20131023$lUSA01$h1213 996 $aStoria di Clelia Farnese$91075066 997 $aUNISA LEADER 03295oam 2200745zu 450 001 9910830355503321 005 20230607215406.0 010 $a1-280-55948-9 010 $a9786610559480 010 $a3-527-60302-6 035 $a(CKB)1000000000019277 035 $a(SSID)ssj0000296584 035 $a(PQKBManifestationID)11223325 035 $a(PQKBTitleCode)TC0000296584 035 $a(PQKBWorkID)10327143 035 $a(PQKB)11615973 035 $a(MiAaPQ)EBC4956772 035 $a(Au-PeEL)EBL4956772 035 $a(CaONFJC)MIL55948 035 $a(OCoLC)1024271590 035 $a(NjHacI)991000000000019277 035 $a(EXLCZ)991000000000019277 100 $a20160829d2002 uy 101 0 $ager 135 $aurcnu|||||||| 181 $ctxt 182 $cc 183 $acr 200 10$aFluchten, Mitmachen, Vergessen: Chemiker und Biochemiker in der NS-Zeit 210 31$a[Place of publication not identified]$cWiley VCH Imprint$d2002 215 $a1 online resource (599 pages) 225 1 $aErlebnis Wissenschaft 300 $aBibliographic Level Mode of Issuance: Monograph 311 $a3-527-30264-6 327 $aJudische Wissenschaftler in akademischer Forschung und Lehre in Deutschland bis 1933 -- Das Jahr 1933 : Die Vertreibung judischer Wissenschaftler und das Verhalten nichtjudischer deutscher Kollegen -- Die Entlassung und Emigration von Chemikern und Biochemikern -- Die wissenschaftliche Bedeutung von Emigranten der Chemie und Biochemie in ihren jeweiligen Zufluchtslandern -- Mitgliedschaft in NSDAP, Karrieren und Forschungsforderung in Chemie und Biochemie -- Naturstoffchemische und biochemische Forschung im internationalen Vergleich vor dem Hintergrund der Entwicklungen bis 1933 -- Forschung und Karrieren einzelner Chemiker und Biochemiker im nationalsozialistischen Deutschland -- Auswirkungen des Nationalsozialismus auf die Chemie und Biochemie in Deutschland nach. 410 0$aErlebnis Wissenschaft 517 $aFlüchten, Mitmachen, Vergessen - Chemiker und Biochemiker in der NS-Zeit 531 $aFLCHTEN, MITMACHEN, VERGESSEN 606 $aAntisemitism $zGermany$xHistory$y20th century 606 $aBiochemists $zGermany$xHistory$y20th century 606 $aBrain drain $zGermany$xHistory$y20th century 606 $aChemistry (general) 606 $aChemists $zGermany$xHistory$y20th century 606 $aJewish refugees $zGermany$xHistory$y20th century 606 $aJewish scientists $zGermany$xHistory$y20th century 606 $aJews$xPersecutions 606 $aJews$xPersecutions $zGermany 606 $aNational socialism and science 615 0$aAntisemitism $xHistory 615 0$aBiochemists $xHistory 615 0$aBrain drain $xHistory 615 0$aChemistry (general) 615 0$aChemists $xHistory 615 0$aJewish refugees $xHistory 615 0$aJewish scientists $xHistory 615 0$aJews$xPersecutions. 615 0$aJews$xPersecutions 615 0$aNational socialism and science. 676 $a540.9430904 700 $aDeichmann$b Carl$01700502 801 0$bPQKB 906 $aBOOK 912 $a9910830355503321 996 $aFluchten, Mitmachen, Vergessen: Chemiker und Biochemiker in der NS-Zeit$94083539 997 $aUNINA